Doors Items - Statistics

General Stats
  • This quiz has been taken 26 times
  • The average score is 8 of 21
Answer Stats
Date Added Answer % Correct
10 August 2022 Flashlight
95%
28 January 2023 Crucifix
85%
10 August 2022 Lighter
85%
10 August 2022 Lockpick
85%
10 August 2022 Vitamins
80%
28 January 2023 Skeleton Key
65%
28 January 2023 Candle
60%
28 January 2023 Shakelight
35%
10 August 2022 Batteries
30%
10 August 2022 Room Key
30%
10 August 2022 Bandages
25%
1 April 2023 Holy Hand Grenade
25%
10 August 2022 Electrical Room Key
20%
10 August 2022 Library Book
20%
15 March 2024 Starlight
20%
1 April 2023 Shield Potion
15%
10 August 2022 Solution Paper
15%
1 April 2023 Mini Shield Potion
10%
28 January 2023 NVCS-3000
5%
10 August 2022 Puzzle Painting
5%
15 March 2024 Large Starlight
0%
No matching quizzes found
Score Distribution
Percent of People with Each Score
Percentile by Number Answered
Your Score History
You have not taken this quiz